000 00610nam a2200241Ia 4500
003 OSt
005 20221007071308.0
006 a|||||r|||| 00| 0
007 ta
008 221006b |||||||| |||| 00| 0 eng d
024 _a25,042
037 _cTextual
040 _aFLL
_cFLL
_beng
041 _2eng
_aeng
082 _aZ3:9243, G9 1
100 _aEastwood R. A.
245 0 _aDigest of equity
250 _a6th
260 _aLondon
_bButterworth & Co. UK
_c1939
300 _axxxi,642p
_ccm.
942 _hZ3:9243, G9 1
_cTEXL
_2CC
999 _c1142971
_d1142971